| 000 | 00000nam##2200000za#4500 |
| 001 | 9.640517 |
| 003 | CaOODSP |
| 005 | 20220106095901 |
| 007 | cr ||||||||||| |
| 008 | 150407|2006||||xxc|||||o f|0| 0 fre|d |
| 040 | |aCaOODSP|bfre |
| 043 | |an-cn--- |
| 086 | 1 |aIu81-3/1-2004F-PDF |
| 110 | 2 |aConseil canadien des normes. |
| 245 | 13|aLe droit d'auteur à l'ère du numérique |h[ressource électronique] |
| 260 | |bConseil canadien des normes |cSeptembre 2004. |
| 300 | |a12p.|bfigures |
| 500 | |aL'ISBN (0-920360-50-5) de l'édition imprimée bilingue a été incorrectement copié dans l'édition pdf. |
| 590 | |a12-31-Supp|b2012-07-06 |
| 691 | 07|aNorme|2gcpds |
| 775 | 08|tNavigating copyright in a digital world |w(CaOODSP)9.696340 |
| 856 | 40|ahttp://publications.gc.ca|qPDF|s174 Ko|uhttps://publications.gc.ca/collections/collection_2012/ccn-scc/Iu81-3-1-2004-fra.pdf |